| 000 | 00534nam a22001817a 4500 | ||
|---|---|---|---|
| 003 | CEME | ||
| 005 | 20210628201939.0 | ||
| 008 | 210208b xxu||||| |||| 00| 0 eng d | ||
| 020 | _a81-203-1843-9 | ||
| 040 | _c. | ||
| 082 | _a004.6 ROZ | ||
| 100 |
_aRozenblit, Moshe _957540 |
||
| 245 | _aSecurity for telecommunications network management | ||
| 260 |
_aNEW DELHI _bPRENTICE HALL _c2000 |
||
| 300 | _aXXIII,296P | ||
| 650 |
_aNETWORK MANAGEMENT SECURITY.TELECOMMUNICATIONS NETWORK MANAGEMENT SECURITY. _957541 |
||
| 942 |
_cBK _2ddc |
||
| 999 |
_c567815 _d567815 |
||